Datum a čas kvízu
34.5
Celkem bodů
Celkový počet nahraných bodů na tomto kvízu bez doplňovacích otázek.
1.
Pořadí na kvízu
Konečné umístění týmu na tomto kvízu.
Zaznamenané odpovědi
| # | Otázka | Odpověď | Body | Výsledky |
|---|---|---|---|---|
| 1. | Vozidla taxislužeb již zřejmě... | taxametrem | 1 | |
| 2. | Jeden z favoritů prezidentskýc... | Zuzana Čaputová | 1 | |
| 3. | Jistá služba internetového úlo... | Ulož.to | 1 | |
| 4. | Irský oděvní řetězec, populárn... | Primark | 1 | |
| 5. | Norský biatlonista Johannes Th... | na střelnici vystřelil méněkrát, než je povoleno | 1 | |
| 6. | Praha, Plzeň, Pardubice, Příbr... | Prachatice | 1 | |
| 7. | Oganesson, xenon, radon, argon... | neon | 1 | |
| 8. | Schillerová, Babiš, Kalousek,... | Jan Fischer | 0 | |
| 9. | Bohdalová, Kubišová, Rettigová... | Milada Horáková | 1 | |
| 10. | Komedie omylů, Zkrocení zlé že... | Veselé paničky windsorské | 1 |